Death by Leisure : (Record no. 15064)
[ view plain ]
| 000 -LEADER | |
|---|---|
| fixed length control field | 01226cam a2200325 a 4500 |
| 001 - CONTROL NUMBER | |
| control field | 15791557 |
| 005 - DATE AND TIME OF LATEST TRANSACTION | |
| control field | 20090902123638.0 |
| 008 - FIXED-LENGTH DATA ELEMENTS--GENERAL INFORMATION | |
| fixed length control field | 090625s2009 enk |r 00| 1aeng |
| 010 ## - LIBRARY OF CONGRESS CONTROL NUMBER | |
| LC control number | 2009291717 |
| 020 ## - INTERNATIONAL STANDARD BOOK NUMBER | |
| International Standard Book Number | 080211881X |
| 020 ## - INTERNATIONAL STANDARD BOOK NUMBER | |
| International Standard Book Number | 9780719560163 |
| 035 ## - SYSTEM CONTROL NUMBER | |
| System control number | (OCoLC)ocn298317377 |
| 040 ## - CATALOGING SOURCE | |
| Original cataloging agency | DLC |
| Transcribing agency | JFN |
| Modifying agency | JFN |
| -- | JED |
| -- | YDXCP |
| -- | BWX |
| -- | CDX |
| -- | YBM |
| -- | WIM |
| -- | HLS |
| -- | DLC |
| 042 ## - AUTHENTICATION CODE | |
| Authentication code | lccopycat |
| 043 ## - GEOGRAPHIC AREA CODE | |
| Geographic area code | e-uk--- |
| -- | n-us-ca |
| 050 00 - LIBRARY OF CONGRESS CALL NUMBER | |
| Classification number | PN5123.A97 |
| Item number | A3 2009 |
| 082 04 - DEWEY DECIMAL CLASSIFICATION NUMBER | |
| Classification number | 070.92 |
| Edition number | 22 |
| Item number | AYR |
| 100 1# - MAIN ENTRY--PERSONAL NAME | |
| Personal name | Ayres, Chris, |
| Dates associated with a name | 1975- |
| 9 (RLIN) | 22867 |
| 245 10 - TITLE STATEMENT | |
| Title | Death by Leisure : |
| Remainder of title | A Cautionary Tale / |
| Statement of responsibility, etc | Chris Ayres. |
| 260 ## - PUBLICATION, DISTRIBUTION, ETC. (IMPRINT) | |
| Place of publication, distribution, etc | London: |
| Name of publisher, distributor, etc | John Murray, 2009 |
| Date of publication, distribution, etc | 2009. |
| 300 ## - PHYSICAL DESCRIPTION | |
| Extent | xii, 306 p. ; |
| Dimensions | 24 cm. |
| 600 10 - SUBJECT ADDED ENTRY--PERSONAL NAME | |
| Personal name | Ayres, Chris, |
| Dates associated with a name | 1975- |
| 9 (RLIN) | 22868 |
| 650 #0 - SUBJECT ADDED ENTRY--TOPICAL TERM | |
| Topical term or geographic name as entry element | Journalists |
| Geographic subdivision | Great Britain |
| Form subdivision | Biography. |
| 9 (RLIN) | 22869 |
| 651 #0 - SUBJECT ADDED ENTRY--GEOGRAPHIC NAME | |
| Geographic name | Los Angeles (Calif.) |
| General subdivision | Social life and customs. |
| 9 (RLIN) | 22870 |
| 653 ## - INDEX TERM--UNCONTROLLED | |
| Resource For college | |
| Arrived date list | April2011 |
| 856 42 - ELECTRONIC LOCATION AND ACCESS | |
| Materials specified | Publisher description |
| Uniform Resource Identifier | <a href="http://www.loc.gov/catdir/enhancements/fy0712/2006050441-d.html">http://www.loc.gov/catdir/enhancements/fy0712/2006050441-d.html</a> |
| 942 ## - ADDED ENTRY ELEMENTS (KOHA) | |
| Source of classification or shelving scheme | Dewey Decimal Classification |
| Item type | Book - Borrowing |
| Withdrawn status | Item status | Source of classification or shelving scheme | Damaged status | Not for loan | Vendor | Home library | Current library | Shelving location | Date acquired | Source of acquisition | Cost, normal purchase price | Total Checkouts | Total Renewals | Full call number | Barcode | Date last seen | Date last borrowed | Cost, replacement price | Koha item type |
|---|---|---|---|---|---|---|---|---|---|---|---|---|---|---|---|---|---|---|---|
| Dewey Decimal Classification | AUC | Central Library | Central Library | Lower Floor | 04/04/2011 | 18.50 | 2 | 1 | 070.92 AYR | 000023122 | 15/07/2025 | 09/10/2013 | 75.00 | Book - Borrowing |